Normal view
MARC view
- ALTHOUSE, ANDREW A,BOWDITCH, WILLIAM A,TURNQUIST, CARL H
Entry Personal Name
001 - CONTROL NUMBER
- control field: 75456
003 - CONTROL NUMBER IDENTIFIER
- control field: NUST
005 - DATE AND TIME OF LATEST TRANSACTION
- control field: 20210628205420.0
008 - FIXED-LENGTH DATA ELEMENTS
- fixed length control field: 210628|| aca||aabn | a|a d
040 ## - CATALOGING SOURCE
- Original cataloging agency: NUST
- Transcribing agency: NUST
100 ## - HEADING--PERSONAL NAME
- Personal name: ALTHOUSE, ANDREW A,BOWDITCH, WILLIAM A,TURNQUIST, CARL H
670 ## - SOURCE DATA FOUND
- Source citation: Work cat.: (NUST): ALTHOUSE, ANDREW A,BOWDITCH, WILLIAM A,TURNQUIST, CARL H, MODERN WELDING COMPLETE COVERAGE OF THE WELDING FIELD IN ONE EASY-TO-USE VOLUME, 1980
